Handbook of operational amplifier circuit design /
Guardado en:
| Autor Principal: | |
|---|---|
| Otros Autores: | |
| Formato: | Libro |
| Idioma: | English |
| Publicado: |
New York :
McGraw-Hill,
c1976.
|
| Materias: | |
| Etiquetas: |
Agregar Etiqueta
Sin Etiquetas, Sea el primero en etiquetar este registro!
|
| LEADER | 00931pam a22002415a 4500 | ||
|---|---|---|---|
| 001 | EIQ.libpla003892 | ||
| 008 | 760203s1976####nyua##########001#0#eng#d | ||
| 005 | 20080407181401.0 | ||
| 245 | 1 | 0 | |a Handbook of operational amplifier circuit design / |c David F. Stout ; edited by Milton Kaufman. |
| 260 | |a New York : |b McGraw-Hill, |c c1976. | ||
| 300 | |a 448 p. (en varias paginaciones) : |b il. ; |c 24 cm. | ||
| 500 | |a Incluye índice. | ||
| 020 | |a 007061797x | ||
| 100 | 1 | |a Stout, David F. | |
| 700 | 1 | |a Kaufman, Milton., |e ed. |4 edt | |
| 082 | 0 | 0 | |a 621.3815/35 |
| 650 | 4 | |a Diseño de circuitos electrónicos |x Handbook, manuales, etc. | |
| 650 | 4 | |a Amplificador operacional |x Handbook, manuales, etc. | |
| 650 | 4 | |a Operational amplifiers |x Handbook, manuals, etc. | |
| 650 | 4 | |a Electronic circuit design |x Handbook, manuals, etc. | |
| 010 | |a 76003491 | ||
| 040 | |a DLC |c DLC |d AR-BbSID | ||
| 859 | |a AR-BbSID |b BIB. PLAPIQUI |h 621.381 535 |i St 61 |p 2943 | ||
